Statistics for Random Mountains by Country

Click here to take the quiz!

General Stats

  • This quiz has been taken 76 times
  • The average score is 11 of 20

Answer Stats

MountainCountry% Correct
ZugspitzeAustria / Germany
100%
Mt. EverestChina / Nepal
100%
Mt. SinaiEgypt
100%
Mt. BlancFrance / Italy
100%
KrakatoaIndonesia
100%
Mt. EtnaItaly
100%
Mt. VesuviusItaly
100%
Mt. KenyaKenya
100%
Mount TasmanNew Zealand
100%
Mt. AraratTurkey
100%
Mount WhitneyUnited States
100%
DenaliUnited States
100%
Mt. Saint HelensUnited States
80%
LhotseChina / Nepal
75%
PopocatépetlMexico
75%
Mt. KilimanjaroTanzania
75%
EyjafjallajökullIceland
71%
Mauna KeaUnited States
71%
Mt. LoganCanada
67%
MatterhornItaly / Switzerland
67%
Table MountainSouth Africa
67%
Pico de OrizabaMexico
60%
AnnapurnaNepal
60%
AconcaguaArgentina
50%
Mt. AragatsArmenia
50%
Mt. Saint EliasCanada / United States
50%
KangchenjungaIndia / Nepal
50%
Mt. DamavandIran
50%
Mt. FujiJapan
50%
Mt. KinabaluMalaysia
50%
DhaulagiriNepal
50%
Aoraki / Mount CookNew Zealand
50%
Klyuchevskaya SopkaRussia
50%
Dykh-TauRussia
50%
Mt. TeideSpain
50%
Ismoil Somoni PeakTajikistan
50%
Ben NevisUnited Kingdom
50%
Khan TengriChina / Kazakhstan / Kyrgyzstan
43%
Mount RainierUnited States
43%
SkharaGeorgia
40%
ToubkalMorocco
40%
Pico BolívarVenezuela
40%
NoshaqAfghanistan
33%
Gangkhar PuensumBhutan / China
33%
Mt. HuaChina
33%
Pico Cristóbal ColónColombia
33%
Pico do RamelauEast Timor
33%
ChimborazoEcuador
33%
KirkjufellIceland
33%
Puncak JayaIndonesia
33%
Mt. ElbrusRussia
33%
KebnekaiseSweden
33%
DufourspitzeSwitzerland
33%
Yu ShanTaiwan
33%
Mt. StanleyD.R. Congo / Uganda
25%
CotopaxiEcuador
25%
Hkakabo RaziMyanmar
25%
Nanga ParbatPakistan
25%
Mt. WilhelmPapua New Guinea
25%
AlpamayoPeru
20%
Ras DashenEthiopia
17%
Mt. KosciuszkoAustralia
14%
Coma PedrosaAndorra
13%
Mt. Fitz RoyArgentina / Chile
0%
Nevado SajamaBolivia
0%
LicancaburBolivia / Chile
0%
Jengish ChokusuChina / Kyrgyzstan
0%
K2China / Pakistan
0%
Pico DuarteDominican Republic
0%
Mt. OlymposGreece
0%
PacayaGuatemala
0%
Nanda DeviIndia
0%
Mt. TamboraIndonesia
0%
Mt. BoisingPapua New Guinea
0%
Mt. PinatuboPhilippines
0%
Mt. PicoPortugal
0%

Score Distribution

Percentile by Number Answered

Percent of People with Each Score

Your Score History

You have not taken this quiz